000 01982nam0a2200445 4500
001 RU\NLR\bibl\1222457
005 20260408152823.0
010 _a978-5-696-03746-2
_9500
021 _aRU
_b2008-18521
_91013
035 _a(NLR Aleph) 001208797
035 _a(nilc)EL/0000185105
090 _a64837
_c64837
100 _a20080404d2008 u y0rusy50 ca
101 0 _arus
102 _aRU
105 _ay |||||||||
200 1 _aТеория активности: от истоков к началам
_eмонография
_fВ. Е. Хвощев
_gМ-во образования и науки Рос. Федерации, Федер. агентство по образованию, Юж.-Урал. гос. ун-т, Юго-Вост. ин-т геополитики, Каф. политологии
210 _aЧелябинск
_cИзд-во ЮУрГУ
_d2008
215 _a167 с.
_d21
320 _aБиблиогр.: с. 150-167 (210 назв.) и в подстроч. примеч.
606 1 _aАктивность общественная
_9929046
_3RU\NLR\auth\6623185
606 1 _aПолитическая активность
_9929054
_3RU\NLR\auth\6623191
606 _aАктивность (филос.)
_3RU\NLR\auth\6623335
_9929296
610 1 _aсоциальная активность
610 1 _aполитическая активность
610 1 _aактивность личности
686 _a87.212.1
_vLBC/RL
_2rubbk
686 _a02.15.21
_2rugasnti
686 _aС550.354
686 _aЮ212.11
686 _aФ3(0)15
700 1 _4070
_8rus
_7ca
_aХвощев
_bВ. Е.
_cканд. филос. наук
_gВладимир Ефимович
_3RU\NLR\auth\7721847
_94908
801 0 _aRU
_bЧелябинская ОУНБ
_c20080404
801 1 _aRU
_bЧелябинская ОУНБ
_c20080404
801 2 _aRU
_bNLR
_c20080505
_grcr
830 _aавт. по кн.
942 _cBOOK
980 _aNB
980 _aNBR